[Event "32nd Andorra Open 2014"]
[Site "Erts AND"]
[Date "2014.07.19"]
[Round "1.19"]
[White "Navrotescu, Catalin"]
[Black "Nepveu, Manuel"]
[Result "1/2-1/2"]
[WhiteTitle "IM"]
[WhiteElo "2415"]
[BlackElo "1951"]
[WhiteFideId "1200208"]
[BlackFideId "1006339"]
[EventDate "2014.07.19"]

1. d4 Nf6 2. c4 g6 3. Nc3 d5 4. Bf4 Bg7 5. e3 c5 6. dxc5 Qa5 7. Rc1 Ne4 8. Ne2
dxc4 9. Qa4+ Qxa4 10. Nxa4 e5 11. Rxc4 Nxf2 12. Kxf2 exf4 13. Re4+ Be6 14. Nxf4
O-O 15. Bc4 Bxc4 16. Rxc4 b5 17. cxb6 axb6 18. Nxb6 Rxa2 19. Nd3 Bxb2 20. Rc2
Ra1 21. Rxa1 Bxa1 22. Ke2 Bg7 23. Rc7 Na6 24. Ra7 Nb8 25. Nb4 Be5 26. h3 Bd6 27.
N6d5 Bxb4 28. Nxb4 Rc8 29. Ra8 Rf8 1/2-1/2

[Event "32nd Andorra Open 2014"]
[Site "Erts AND"]
[Date "2014.07.20"]
[Round "2.3"]
[White "Arizmendi Martinez, Julen Luis"]
[Black "Silva Rodriguez, Fernando"]
[Result "1-0"]
[WhiteTitle "GM"]
[WhiteElo "2553"]
[BlackElo "2202"]
[WhiteFideId "2205092"]
[BlackFideId "2215268"]
[EventDate "2014.07.19"]

1. d4 Nf6 2. c4 e6 3. Nc3 Bb4 4. e3 O-O 5. Ne2 d5 6. a3 Bd6 7. Ng3 c6 8. Bd3 e5
9. dxe5 Bxe5 10. cxd5 cxd5 11. Nce2 Nc6 12. O-O Re8 13. h3 g6 14. Rb1 a5 15. Bd2
Qb6 16. Bc3 Bd7 17. Bxe5 Nxe5 18. Nd4 Rac8 19. Nge2 Nc4 20. Nf4 Red8 21. Qe2 Be8
22. Rfd1 Qa7 23. Nxd5 Rxd5 24. Bxc4 Rdc5 25. Bb3 a4 26. Ba2 b6 27. Re1 Ne4 28.
Rbd1 Qe7 29. Bb1 Nd6 30. Bd3 Qf6 31. Qd2 Nb7 32. Ba6 Bc6 33. e4 Rc7 34. e5 Qe7
35. e6 fxe6 36. Rxe6 Qf7 37. Qe3 Bd5 38. Re8+ Kg7 39. Re5 Ba2 40. Bxb7 Rxb7 41.
Ne6+ Bxe6 42. Rxe6 Qc7 43. Qd4+ Kh6 44. Qxa4 1-0

[Event "32nd Andorra Open 2014"]
[Site "Erts AND"]
[Date "2014.07.21"]
[Round "3.7"]
[White "Forsa, Espen"]
[Black "Demuth, Adrien"]
[Result "0-1"]
[WhiteTitle "FM"]
[BlackTitle "IM"]
[WhiteElo "2256"]
[BlackElo "2488"]
[WhiteFideId "1504436"]
[BlackFideId "642274"]
[EventDate "2014.07.19"]

1. c4 e5 2. g3 Nf6 3. Bg2 c6 4. d4 e4 5. Nc3 d5 6. f3 Bb4 7. Bg5 O-O 8. fxe4
dxe4 9. Nh3 h6 10. Bxf6 Qxf6 11. Nf2 e3 12. Ne4 Qe6 13. Qb3 Na6 14. a3 Ba5 15.
Qa4 Bb6 16. c5 Bc7 17. d5 cxd5 18. Nxd5 Be5 19. O-O Bd7 20. Qc4 Bc6 21. Nec3
Bxc3 22. bxc3 Nc7 0-1

[Event "32nd Andorra Open 2014"]
[Site "Erts AND"]
[Date "2014.07.22"]
[Round "4.20"]
[White "Boix Moreno, Daniel"]
[Black "Gozzoli, Cyrille"]
[Result "0-1"]
[WhiteTitle "FM"]
[WhiteElo "2309"]
[BlackElo "2116"]
[WhiteFideId "2207249"]
[BlackFideId "624276"]
[EventDate "2014.07.19"]

1. e4 d5 2. exd5 Qxd5 3. Nc3 Qa5 4. d4 Nf6 5. Nf3 c6 6. Bd2 Bf5 7. Ne4 Qc7 8.
Nxf6+ gxf6 9. g3 e6 10. Bg2 Nd7 11. O-O Bd6 12. Nh4 Bg6 13. Re1 f5 14. c4 O-O
15. Rc1 c5 16. Bh6 Rfe8 17. b4 cxb4 18. c5 Bf8 19. Bf4 e5 20. c6 bxc6 21. Rxc6
Qa5 22. dxe5 Rad8 23. Nxg6 Nxe5 24. Nxe5 Rxd1 25. Rxd1 Rxe5 26. Bxe5 Qxe5 27.
Rc2 Kg7 28. Bf3 a5 29. Bc6 h5 30. Rd3 h4 31. gxh4 f4 32. Kg2 Be7 33. Rf3 Bxh4
34. h3 Qg5+ 35. Kh2 Qg6 36. Ba4 Qe4 37. Kg2 b3 38. Bxb3 a4 39. Rc3 axb3 40. axb3
Bf6 41. Rd3 Bd4 42. b4 Be3 43. Rxe3 fxe3 44. fxe3 Qxb4 45. Rf4 Qd2+ 46. Kf3 Qd1+
47. Kf2 f5 48. h4 Kg6 49. Rd4 Qc2+ 50. Kf3 Kf6 51. Rf4 Qd1+ 52. Kf2 Qd2+ 53. Kf3
Ke5 54. Rd4 Qe1 55. Rf4 Qf1+ 56. Kg3 Qe2 57. Rf3 Kf6 58. Kf4 Qh2+ 59. Rg3 Qf2+ 0-1

[Event "32nd Andorra Open 2014"]
[Site "Erts AND"]
[Date "2014.07.24"]
[Round "6.7"]
[White "Laclau, Daniel"]
[Black "Riff, Jean-Noel"]
[Result "0-1"]
[WhiteTitle "FM"]
[BlackTitle "IM"]
[WhiteElo "2326"]
[BlackElo "2482"]
[WhiteFideId "600989"]
[BlackFideId "611190"]
[EventDate "2014.07.19"]

1. d4 e6 2. c4 Bb4+ 3. Nd2 Nf6 4. Nf3 O-O 5. a3 Be7 6. e3 c5 7. Bd3 cxd4 8. exd4
b6 9. b3 Bb7 10. Bb2 d5 11. Qe2 Nc6 12. O-O Re8 13. Rac1 Bf8 14. Rfd1 Rc8 15. b4
dxc4 16. Nxc4 Nd5 17. Qe4 g6 18. b5 Na5 19. Nxa5 bxa5 20. Ne5 f6 21. Rxc8 Qxc8
22. Rc1 Qa8 23. Nc6 a6 24. Nxa5 axb5 25. Nxb7 Qxb7 26. h4 f5 27. Qe1 h6 28. a4
Qe7 29. Bxb5 Rd8 30. Rc6 Rd6 31. Rxd6 Qxd6 32. Qc1 Be7 33. Qc8+ Kg7 34. h5 gxh5
35. Bd7 Nb6 36. d5+ e5 0-1

[Event "32nd Andorra Open 2014"]
[Site "Erts AND"]
[Date "2014.07.24"]
[Round "6.18"]
[White "Hardarson, Jon Trausti"]
[Black "Alvarado Diaz, Alejandro"]
[Result "0-1"]
[BlackTitle "FM"]
[WhiteElo "2045"]
[BlackElo "2354"]
[WhiteFideId "2302594"]
[BlackFideId "2276119"]
[EventDate "2014.07.19"]

1. d4 Nf6 2. c4 c5 3. d5 b5 4. cxb5 a6 5. bxa6 g6 6. Nc3 Bg7 7. Nf3 O-O 8. e4
Qa5 9. Bd2 Bxa6 10. g3 d6 11. Qc2 Nbd7 12. Nb5 Qb6 13. a4 Ng4 14. Be2 c4 15. O-O
Bxb5 16. Nh4 Nde5 17. h3 Nxf2 18. Rxf2 Nd3 19. Bxd3 cxd3 20. Qb3 Bd4 21. Rf1
Bxa4 0-1

[Event "32nd Andorra Open 2014"]
[Site "Erts AND"]
[Date "2014.07.25"]
[Round "7.20"]
[White "Grollemund, Bertrand"]
[Black "Forsa, Espen"]
[Result "0-1"]
[BlackTitle "FM"]
[WhiteElo "2138"]
[BlackElo "2256"]
[WhiteFideId "619523"]
[BlackFideId "1504436"]
[EventDate "2014.07.19"]

1. e4 c5 2. Nf3 d6 3. Bb5+ Nd7 4. O-O Nf6 5. Re1 a6 6. Bf1 b6 7. c3 Bb7 8. Qc2
Qc7 9. d3 g6 10. Nbd2 Bg7 11. b3 O-O 12. Bb2 d5 13. c4 d4 14. a3 e5 15. b4 Ne8
16. bxc5 bxc5 17. a4 Nd6 18. Nb3 f5 19. Ng5 Rae8 20. f3 Bh6 21. Bc1 Bxg5 22.
Bxg5 f4 23. Reb1 Nf7 24. Bh4 g5 25. Be1 Re6 26. Ra2 Rg6 27. Rab2 Bc8 28. Na5 Nd8
29. Kh1 Kh8 30. Nb3 Nc6 31. Qd2 Rfg8 32. Be2 Qd8 33. a5 h5 34. Na1 g4 35. Bd1
Qg5 36. fxg4 hxg4 37. g3 Rh6 38. Ba4 Kg7 39. Bxc6 Rxc6 40. Nb3 Rh8 41. Nc1 Rch6
42. Rc2 Qf6 43. Nb3 Rh3 44. Qd1 Qg5 45. Rg2 Nf6 46. Nxc5 f3 47. Rd2 Qe3 48. Rbb2
Nh5 49. Nb7 Rxg3 50. Bf2 Rg2 51. Bh4 Nf4 0-1

[Event "32nd Andorra Open 2014"]
[Site "Erts AND"]
[Date "2014.07.26"]
[Round "8.8"]
[White "Comas Fabrego, Lluis"]
[Black "Berkovich, Mark A"]
[Result "1/2-1/2"]
[WhiteTitle "GM"]
[BlackTitle "IM"]
[WhiteElo "2512"]
[BlackElo "2339"]
[WhiteFideId "2200325"]
[BlackFideId "2801639"]
[EventDate "2014.07.19"]

1. d4 Nf6 2. c4 e6 3. Nc3 Bb4 4. e3 O-O 5. Bd3 d5 6. cxd5 exd5 7. Ne2 Re8 8. O-O
Bd6 9. h3 a6 10. Nf4 c6 11. f3 Qb6 12. Bc2 Bxf4 13. exf4 Nbd7 14. Qd3 c5 15.
Nxd5 Qd6 16. Nxf6+ 1/2-1/2

[Event "32nd Andorra Open 2014"]
[Site "Erts AND"]
[Date "2014.07.26"]
[Round "8.12"]
[White "Jerez Perez, Alfonso"]
[Black "Sjodahl, Pontus"]
[Result "1-0"]
[WhiteTitle "IM"]
[BlackTitle "IM"]
[WhiteElo "2374"]
[BlackElo "2423"]
[WhiteFideId "2204100"]
[BlackFideId "1700537"]
[EventDate "2014.07.19"]

1. e4 e6 2. d4 d5 3. Nd2 c5 4. Ngf3 Nc6 5. exd5 exd5 6. Bb5 Bd6 7. O-O Ne7 8.
dxc5 Bxc5 9. Nb3 Bd6 10. Nbd4 O-O 11. Bd3 Kh8 12. h3 f6 13. c3 Ne5 14. Bc2 Bd7
15. Bf4 Qb6 16. Nxe5 fxe5 17. Bxe5 Bxe5 18. Qh5 Nf5 19. Nxf5 g6 20. Qe2 Rae8 21.
Ne3 Qxb2 22. Rab1 Qxa2 23. Rxb7 Bf5 24. Qd2 Bxc2 25. Nxc2 Bg7 26. Ra1 Qc4 27.
Raxa7 Rg8 28. Ne3 Qf4 29. Rf7 Qe4 30. Qxd5 Qb1+ 31. Kh2 Qb8+ 32. g3 Qb2 33. Qd3
Rgf8 34. Rxg7 Rxf2+ 35. Kg1 1-0

[Event "32nd Andorra Open 2014"]
[Site "Erts AND"]
[Date "2014.07.27"]
[Round "9.15"]
[White "Sjodahl, Pontus"]
[Black "Hagen, Anders Gjerdrum"]
[Result "1/2-1/2"]
[WhiteTitle "IM"]
[WhiteElo "2423"]
[BlackElo "2203"]
[WhiteFideId "1700537"]
[BlackFideId "1506650"]
[EventDate "2014.07.19"]

1. d4 Nf6 2. c4 e6 3. Nc3 Bb4 4. e3 O-O 5. Ne2 d5 6. a3 Bd6 7. Ng3 c5 8. dxc5
Bxc5 9. cxd5 exd5 10. Bd3 Nc6 11. O-O Bb6 12. Nce2 Re8 13. b3 Ng4 14. Nf4 Qh4
15. Nh3 Nge5 16. Nf4 Ng4 17. Nh3 Nge5 1/2-1/2